000
00316nam a2200133Ia 4500
008
151001s9999||||xx |||||||||||||| ||und||
100
_a
बलराम नांगरे
245
_a
फुलवंती
250
_a
1
260
_b
ग.रा.पाठक
260
_c
1967
300
_a
97
365
_b
7
999
_c
954567
_d
954564